|
|
|
|
| LEADER |
01331ppm a22003378a 4500 |
| 001 |
00031333 |
| 005 |
20171026081025.0 |
| 008 |
131129s2012 ||||||viesd |
| 041 |
0 |
# |
|a vie
|
| 082 |
1 |
4 |
|b Đ309TR
|a 639.3
|
| 100 |
1 |
# |
|a Nguyễn, Gia Hiển
|
| 245 |
0 |
0 |
|a Điều tra kỹ thuật vận chuyển và thử nghiệm gây mê cá tra giống (Pangasianodon hypophthalmus)
|b Luân văn cao học ngành nuôi trồng thủy sản
|c Nguyễn Gia Hiển; Bùi Minh Tâm, Đặng Thị Hoàng Oanh (hướng dẫn)
|
| 260 |
# |
# |
|a Cần Thơ
|b Đại học Cần Thơ
|c 2012
|
| 300 |
# |
# |
|a 54 tr.+ phụ lục
|c 30cm.
|e bản tóm tắt
|
| 500 |
# |
# |
|a ĐTTTS ghi: Trường Đại học Cần Thơ. Khoa Thủy Sản
|
| 653 |
# |
# |
|a Cá tra giống
|
| 653 |
# |
# |
|a Gây mê
|
| 653 |
# |
# |
|a Thủy Sản
|
| 653 |
# |
# |
|a Nghiên cứu
|
| 653 |
# |
# |
|a Luận văn
|
| 653 |
# |
# |
|a Kỹ thuật vận chuyển
|
| 700 |
1 |
# |
|a Đặng, Thị Hoàng Oanh
|e Hướng dẫn
|
| 700 |
1 |
# |
|a Bùi, Minh Tâm
|e Hướng dẫn
|
| 852 |
# |
# |
|j LV.0000476
|
| 852 |
# |
# |
|b Kho đọc SĐH
|j LV.0000476
|
| 910 |
|
|
|d 29/11/2013
|
| 980 |
# |
# |
|a Trung tâm Học liệu Lê Vũ Hùng, Trường Đại học Đồng Tháp
|